000
00224nam a22001097a 4500
003
OSt
008
231115b |||||||| |||| 00| 0 eng d
041
_a
mal
100
_a
Vikraman
_9
4881
245
_a
Nannavillatho
942
_c
BK
999
_c
17938
_d
17938